000 00920nam a22001937a 4500
999 _c63564
_d63564
003 Ge_BSU
005 20251031134551.0
008 251031s1937 ge ||||| |||| 00| 0 geo d
041 _ageo
080 _a657.1:338 ლ-21
100 _aლანდია, პ.ს.
_926144
245 _aსამეურნეო გამოანგარიშება კალკულიაციის საფუძველებით /
_cპ.ს. ლანდია.
264 _aთბ. :
_bტექნიკა და შრომას გამომც. და სტ.,
_c1937.
300 _a352გვ. :
_bილ. და ნახ. ;
_c22სმ.
504 _aბიბლიოგრაფია: ლიტერატურა (გვ. 345-346).
653 _aსამეურნეო გამოანგარიშება
653 _aკალკულაცია
942 _2udc
_cᲬᲘᲒᲜᲘ